Interior decoration (Record no. 38430)

MARC details
000 -LEADER
fixed length control field 00252nam a2200109Ia 4500
082 ## - DEWEY DECIMAL CLASSIFICATION NUMBER
Classification number 747
Item number PRA
100 ## - MAIN ENTRY--AUTHOR NAME
Personal name Pramila Mehra
245 #0 - TITLE STATEMENT
Title Interior decoration
260 ## - PUBLICATION, DISTRIBUTION, ETC. (IMPRINT)
Place of publication Delhi
Name of publisher Hind
Year of publication 1981
942 ## - ADDED ENTRY ELEMENTS (KOHA)
Koha item type Books
Holdings
Withdrawn status Lost status Damaged status Not for loan Home library Current library Date acquired Cost, normal purchase price Full call number Accession Number Koha item type
        RRII Library RRII Library 16/12/2021 20.00 747 PRA 18787 Books